| 000 | 01545nam a2200325Ia 4500 | ||
|---|---|---|---|
| 005 | 20220317001438.0 | ||
| 008 | 161108s2008 mx a g 000 f s | ||
| 020 | _a9789681685454 | ||
| 100 | 1 |
_aFunke, Cornelia _d1958- |
|
| 245 | 1 | 3 |
_aEl jinete del dragón _cCornelia Funke ; ilustraciones de la autora ; traducción del alemán de Rosa Pilar Blanco |
| 250 | _a1a. edición, 4a reimpresión | ||
| 300 |
_a415 páginas _bilustraciones en blanco y negro _c22 cm |
||
| 490 | _aA la orilla del viento | ||
| 500 | _aIncluye datos biográficos de la autora | ||
| 520 | _aCuando la Rata comunica a los dragones que los humanos se están acercando a su refugio uno de ellos, Lung, decide averiguar si la leyenda que habla de otros de su especie que emigraron es cierta. Acompañado de la duende Piel de Azufre y más tarde por otros amigos, descubren el origen del mito y deben elegir qué hacer a continuación | ||
| 521 | _aRecomendado para jóvenes a partir de 13 años | ||
| 534 | _bDrachenreiter | ||
| 650 | 1 | 4 |
_2LEMB _aNovela juvenil alemana _ysiglo XX |
| 650 | 1 | 4 |
_2LEMB _aLiteratura juvenil alemana _ysiglo XX |
| 650 | 1 | 4 |
_2LEMB _aDragones en la literatura |
| 650 | 1 | 4 |
_2LEMB _aAventuras en la literatura |
| 700 | 1 |
_aBlanco, Rosa Pilar _etraductora _973201 |
|
| 942 |
_2loc _cBKLIT |
||
| 264 |
_aMéxico _bSiruela _bFondo de Cultura Económica _c2008 |
||
| 336 |
_atexto _btxt _2rdacontent |
||
| 337 |
_asin mediación _bn _2rdamedia |
||
| 338 |
_avolumen _bnc _2rdacarrier |
||
| 040 |
_aCO-BoRNBP _bspa _erda _cCO-BoRNBP |
||
| 084 | _aN FUN1 | ||
| 999 |
_c7007 _d7007 |
||